| 000 -CABECERA |
| Longitud fija campo de control |
00595nam a2200169 a 4500 |
| 001 - NÚMERO DE CONTROL |
| Número de control |
1176 |
| 003 - IDENTIFICADOR DEL NÚMERO DE CONTROL |
| Identificador del número de control |
CDMR |
| 005 - FECHA Y HORA DE LA ÚLTIMA TRANSACCIÓN |
| Fecha y hora de la última transacción |
20130926164722.0 |
| 008 - CÓDIGOS DE INFORMACIÓN DE LONGITUD FIJA |
| Códigos de información de longitud fija |
130130s2000||||||||||||||||||||||||||||d |
| 040 ## - FUENTE DE LA CATALOGACIÓN |
| Centro catalogador de origen |
CDMR |
| Lengua de catalogación |
cat |
| Centro transcriptor |
CDMR |
| 111 2# - PUNTO DE ACCESO PRINCIPAL-NOMBRE DE CONGRESO |
| Nombre de congreso o jurisdicción como elemento de entrada |
Congrés de Periodistes Catalans |
| Sede del congreso |
Barcelona |
| Fecha del congreso |
2000 |
| Número del congreso o número de parte o sección de la obra |
4rt |
| 9 (RLIN) |
148 |
| 245 10 - MENCIÓN DE TÍTULO |
| Título |
Enquesta sobre la situació de la professió periodística a Catalunya 2000 |
| Mención de responsabilidad, etc. |
realitzada per l'Institut Opina |
| 260 ## - PUBLICACIÓN, DISTRIBUCIÓN, ETC. (PIE DE IMPRENTA) |
| Lugar de publicación, distribución, etc. |
Barcelona |
| Fecha de publicación, distribución, etc. |
2000 |
| Nombre del editor, distribuidor, etc. |
Col.legi de Periodistes de Catalunya |
| 300 ## - DESCRIPCIÓN FÍSICA |
| Extensión |
47 p ; |
| Dimensiones |
30 cm |
| 500 ## - NOTA GENERAL |
| Nota general |
Edició de l'enquesta entregada als congresistes |
| 942 ## - ENTRADA DE ELEMENTOS AGREGADOS (KOHA) |
| Koha [por defecto] tipo de item |
Fullets |
| Fuente de clasificaión o esquema |
|